000 00340 a2200157 4500
001 70865
020 _a8526212184
040 _cAnchieta - Itaigara
100 _aMachado,Nílson josé
240 1 0 _aLógica? É lógico!
_lpor
245 1 0 _aLógica? É lógico!
300 _a35
362 0 _a2000
650 4 _aMatemática
942 _cBK
999 _c70865
_d70865